|
|
|
|
| LEADER |
02481nam a2200529 i 4500 |
| 001 |
nkc20233555873 |
| 003 |
CZ PrNK |
| 005 |
20241219125906.0 |
| 007 |
ta |
| 008 |
231013s2023 xr a b 6 000 1 cze |
| 015 |
|
|
|a cnb003555873
|
| 020 |
|
|
|a 978-80-242-9307-3
|q (vázáno)
|
| 035 |
|
|
|a (OCoLC)1412783010
|
| 040 |
|
|
|a ABG001
|b cze
|e rda
|
| 041 |
1 |
|
|a cze
|h eng
|
| 072 |
|
7 |
|a 741.52
|x Komiksy. Komiksové adaptace
|2 Konspekt
|9 21
|
| 072 |
|
7 |
|a 821-93
|x Literatura pro děti a mládež (beletrie)
|2 Konspekt
|9 26
|
| 080 |
|
|
|a 741.52(0:82-321.5)
|2 MRF
|
| 080 |
|
|
|a 821-93
|2 MRF
|
| 100 |
1 |
|
|a Pilkey, Dav,
|d 1966-
|7 xx0213784
|4 aut
|4 ill
|
| 240 |
1 |
0 |
|a Fetch-22.
|l Česky
|
| 245 |
1 |
0 |
|a Dogman.
|p Lapač 22 /
|c napsal a ilustroval Dav Pilkey jako George Beard a Harold Hutchins ; z anglického originálu Dog man - Fetch-22 přeložila Veronika Sysalová
|
| 246 |
3 |
0 |
|a Lapač 22
|
| 250 |
|
|
|a Vydání první
|
| 264 |
|
1 |
|a Praha :
|b Euromedia Group,
|c 2023
|
| 300 |
|
|
|a 237 stran :
|b barevné ilustrace ;
|c 22 cm
|
| 336 |
|
|
|a text
|b txt
|2 rdacontent
|
| 336 |
|
|
|a statický obraz
|b sti
|2 rdacontent
|
| 337 |
|
|
|a bez média
|b n
|2 rdamedia
|
| 338 |
|
|
|a svazek
|b nc
|2 rdacarrier
|
| 490 |
1 |
|
|a Pikola
|
| 520 |
2 |
|
|a Pokračování humoristického komiksu, ve kterém psohlavý policista Dogman potírá zločin.
|b Tentokrát v podobě zlovolné víly Férové Fany a dvaadvaceti megavzteklých pulců s telekinetickými schopnostmi. Dogmanův nejlepší kamarád, kotě Peťulka, mezitím prožívá rodinné drama s dědou, který lstí nechá ve vězení místo sebe syna Péťu a vydává se páchat další neplechy. Aby toho nebylo málo, Férová Fany vytvoří novodobého ničitele vesmírů jménem Kůrovec McTlamostroj a šíří kolem sebe zkázu na potkání. Všichni se sejdou ve velkolepém a napínavém finále. Nakladatelská anotace. Kráceno.
|
| 521 |
8 |
|
|a Pro děti od 7 let
|
| 546 |
|
|
|a Český text
|
| 655 |
|
7 |
|a humoristické komiksy
|7 fd1057480
|2 czenas
|
| 655 |
|
7 |
|a publikace pro děti
|7 fd133156
|2 czenas
|
| 655 |
|
9 |
|a humorous comics
|2 eczenas
|
| 655 |
|
9 |
|a children's literature
|2 eczenas
|
| 700 |
1 |
|
|a Sysalová, Veronika
|7 ola2004235525
|4 trl
|
| 787 |
0 |
8 |
|i Z cyklu:
|t Dogman
|g 8
|
| 830 |
|
0 |
|a Pikola (Euromedia)
|0 s
|
| 910 |
2 |
|
|a BOA001
|b 2-1515.545
|
| 920 |
|
|
|a 4886432
|z ABG001
|
| 990 |
|
|
|a BK
|
| 995 |
|
|
|a 01
|
| 991 |
|
|
|b 202311
|c NOV
|
| 996 |
6 |
|
|b 2610951921
|c 2-1515.545
|l MZK
|r Sklad / do 1 hodiny
|n 1
|p p.v.
|w 001942635
|u 000010
|a 1
|e BOA001
|j MZK50
|s P
|